000 00410nam a22001697a 4500
003 MPLRDC
005 20220104123627.0
008 210129b ||||| |||| 00| 0 eng d
082 _a848.5 ZL c.4
100 _a郑念著; 郑凯译
245 _a生与死
_c
250 _a初版
260 _a
_b敦煌书局股份有限公司
_c1986
300 _b
650 _a现代别集
942 _cBK
_o848.5 ZL c.4
999 _c12912
_d12902